[Event "Olimpiade 2014 - Open"]
[Site "Tromsø"]
[Date "06.08.2014"]
[Round "5.61"]
[Board "4"]
[White "Liao, Jo-Kai"]
[Black "Michel Yunis, Christian D."]
[Result "0-1"]
[BlackTitle "IM"]
[WhiteElo "1606"]
[BlackElo "2311"]
[WhiteTeam "Chinese Taipei"]
[BlackTeam "Palestine"]
[WhiteFideId "16300343"]
[BlackFideId "3400085"]
[EventDate "2014.08.02"]

1. e4 c5 2. Nf3 e6 3. d4 cxd4 4. Nxd4 a6 5. Nc3 Qc7 6. Be2 Nf6 7. Bf3 Be7 8. O-O
O-O 9. Re1 d6 10. Be3 Nbd7 11. g3 Rd8 12. Qe2 Rb8 13. Bg2 b5 14. Rac1 Bb7 15. f3
Ne5 16. Nd1 Bf8 17. Bf2 Rbc8 18. Ne3 g6 19. c3 Bh6 20. Rcd1 Ned7 21. Ndc2 Nb6
22. Rd3 Na4 23. Rb1 d5 24. exd5 Nxd5 25. Ng4 Bg7 26. Nce3 h5 27. Nxd5 Bxd5 28.
Ne3 Bxa2 29. Rxd8+ Rxd8 30. Ra1 Bb3 31. Ra3 Nc5 32. f4 Qd6 33. Be1 Ba4 34. Ra1
Nd3 35. Rb1 Bb3 36. Kf1 Nxe1 37. Kxe1 b4 38. cxb4 Qxb4+ 39. Kf1 Ba4 40. Kg1 Bb5
41. Qf3 Rd3 42. Qa8+ Kh7 43. Nf1 Qd4+ 44. Kh1 Rd1 45. Rxd1 Qxd1 0-1

[Event "Olimpiade 2014 - Open"]
[Site "Tromsø"]
[Date "06.08.2014"]
[Round "5.62"]
[Board "1"]
[White "Boydia, Sidi"]
[Black "Meier, Peter"]
[Result "1-0"]
[WhiteTitle "FM"]
[WhiteElo "2068"]
[BlackElo "2039"]
[WhiteTeam "Mauritania"]
[BlackTeam "Seychelles"]
[WhiteFideId "19600100"]
[BlackFideId "9800158"]
[EventDate "2014.08.02"]

1. e4 c5 2. Nf3 Nc6 3. d4 cxd4 4. Nxd4 g6 5. Nc3 Bg7 6. Be3 Nf6 7. f3 O-O 8. Bc4
Qb6 9. Bb3 Nxe4 10. Nd5 Qa5+ 11. c3 Nc5 12. Nxc6 dxc6 13. Nxe7+ Kh8 14. Nxc8
Raxc8 15. O-O Rcd8 16. Qc2 Rd7 17. Bc4 Ne6 18. Rad1 Rfd8 19. Rxd7 Rxd7 20. Rd1
Rd8 21. Qb3 Qe5 22. Bxa7 c5 23. Bxe6 Qe3+ 24. Kf1 1-0

[Event "Olimpiade 2014 - Open"]
[Site "Tromsø"]
[Date "06.08.2014"]
[Round "5.62"]
[Board "2"]
[White "Meier, Kurt"]
[Black "Hemam, Moulaye Brahim"]
[Result "0-1"]
[WhiteTitle "CM"]
[BlackTitle "CM"]
[WhiteElo "1944"]
[BlackElo "2070"]
[WhiteTeam "Seychelles"]
[BlackTeam "Mauritania"]
[WhiteFideId "1307398"]
[BlackFideId "19600054"]
[EventDate "2014.08.02"]

1. e4 c5 2. Nf3 Nc6 3. d4 cxd4 4. Nxd4 Nf6 5. Nc3 e5 6. Ndb5 d6 7. Nd5 Nxd5 8.
exd5 Nb8 9. c4 a6 10. Nc3 Be7 11. Bd3 O-O 12. O-O f5 13. f3 Nd7 14. Be3 b6 15.
b4 Bg5 16. Bf2 Bh4 17. g3 Bg5 18. Qc2 g6 19. Rab1 Qc7 20. Qe2 Bh6 21. Rb2 Bb7
22. Rc2 Rae8 23. Re1 Rc8 24. Kg2 Rfe8 25. Qf1 Bg7 26. Qg1 e4 27. fxe4 Bxc3 28.
Rxc3 fxe4 29. Bxe4 Rxe4 30. Rxe4 Bxd5 31. cxd5 Qxc3 32. Qe1 Qxe1 33. Rxe1 Rc2
34. Re6 Ne5 35. Kf1 Nc4 36. Bxb6 Nxb6 37. Rxd6 Nc4 38. Rxa6 Ne3+ 39. Ke1 Nxd5
40. b5 Rxh2 41. a4 Rb2 42. Ra8+ Kg7 43. Rb8 Nc3 44. a5 Rxb5 45. Rxb5 Nxb5 46.
Kd2 h5 47. Kd3 g5 48. Ke4 Kf6 49. Kd5 Na7 50. Ke4 Ke6 51. a6 Nc6 52. Ke3 Ke5 53.
Kf3 Kd4 54. Kf2 Ke4 55. Ke2 g4 56. Kf2 Kd3 57. Kf1 Ke3 58. Kg2 Na7 0-1

[Event "Olimpiade 2014 - Open"]
[Site "Tromsø"]
[Date "06.08.2014"]
[Round "5.62"]
[Board "3"]
[White "Sabar, Ethmane Daouda"]
[Black "Pillay, Ragul"]
[Result "1-0"]
[WhiteElo "2002"]
[BlackElo "1312"]
[WhiteTeam "Mauritania"]
[BlackTeam "Seychelles"]
[WhiteFideId "19600097"]
[BlackFideId "9800174"]
[EventDate "2014.08.02"]

1. d4 d5 2. Nf3 Nc6 3. g3 Bf5 4. Bg2 g6 5. O-O Bg7 6. c4 Nf6 7. Nc3 O-O 8. Ne5
Nxe5 9. dxe5 Ng4 10. f4 d4 11. Ne4 h5 12. h3 Nh6 13. e3 d3 14. Nf2 Qd7 15. e4
Be6 16. Qxd3 Qxd3 17. Nxd3 Bxc4 18. Rd1 Rad8 19. Nf2 Rxd1+ 20. Nxd1 f5 21. exf6
exf6 22. Ne3 Ba6 23. Bd2 c6 24. Bc3 Rd8 25. Kf2 Kf7 26. Bf3 Bf8 27. Rd1 Rxd1 28.
Bxd1 Bc5 29. Bb3+ Ke7 30. Kf3 Nf7 31. g4 Bxe3 32. Kxe3 hxg4 33. hxg4 b5 34. Bb4+
Ke8 35. Bc5 Nh6 36. Be6 Bb7 37. Bxa7 Ke7 38. g5 fxg5 39. fxg5 Kxe6 40. gxh6 Kf7
41. Kf4 Kg8 42. Kg5 Kh7 43. e5 Bc8 44. Be3 Be6 45. Kf6 Bxa2 46. e6 1-0

[Event "Olimpiade 2014 - Open"]
[Site "Tromsø"]
[Date "06.08.2014"]
[Round "5.62"]
[Board "4"]
[White "Hoareau, Benjamin"]
[Black "Cheiguer, Mohamed Abdellahi"]
[Result "1/2-1/2"]
[WhiteElo "1875"]
[BlackElo "1802"]
[WhiteTeam "Seychelles"]
[BlackTeam "Mauritania"]
[WhiteFideId "9800069"]
[BlackFideId "19601034"]
[EventDate "2014.08.02"]

1. f4 d5 2. Nf3 Nf6 3. b3 Nc6 4. e3 d4 5. exd4 Nxd4 6. Bb2 Bg4 7. Bxd4 Bxf3 8.
Qxf3 Qxd4 9. Qxb7 Rd8 10. Bb5+ Nd7 11. Qxc7 Qxa1 12. Bxd7+ Rxd7 13. Qc8+ Rd8 14.
Qc6+ Rd7 15. Qc8+ Rd8 16. Qc6+ Rd7 17. Qc8+ Rd8 18. Qc6+ 1/2-1/2

[Event "Olimpiade 2014 - Open"]
[Site "Tromsø"]
[Date "06.08.2014"]
[Round "5.64"]
[Board "1"]
[White "Elarbi, Abobker"]
[Black "Mwanyika, Geoffrey"]
[Result "1-0"]
[WhiteTitle "FM"]
[WhiteElo "2283"]
[BlackElo "1922"]
[WhiteTeam "Libya"]
[BlackTeam "Tanzania"]
[WhiteFideId "9200355"]
[BlackFideId "10002294"]
[EventDate "2014.08.02"]

1. e4 e5 2. Nf3 Nc6 3. Bb5 Nd4 4. Nxd4 exd4 5. Bc4 g6 6. d3 Bg7 7. O-O d6 8. f4
Bd7 9. f5 Be5 10. Nd2 Qe7 11. Nf3 f6 12. Nxe5 dxe5 13. Qf3 O-O-O 14. fxg6 hxg6
15. Qg3 g5 16. Bd2 Be6 17. b3 Bxc4 18. bxc4 Qe6 19. Rf3 Rd7 20. Raf1 Rdh7 21. h3
Rh4 22. Bxg5 fxg5 23. Rf8+ Kd7 24. R8f7+ Ne7 25. R1f6 Rxh3 26. gxh3 Qxh3 27.
Rxe7+ Kxe7 28. Qxe5+ Kd8 29. Qd5+ Kc8 30. Qf5+ Qxf5 31. Rxf5 Rg8 32. Kg2 c6 33.
c5 Rg7 34. Kg3 b5 35. Rf6 Kc7 36. Kg4 a5 37. Rf5 Rh7 38. Kxg5 Rh2 39. Rf7+ Kd8
40. Kf6 Rxc2 41. e5 Rh2 42. Rf8+ Kc7 43. Rf7+ Kd8 44. Rf8+ Kc7 45. Ke6 Rh6+ 46.
Rf6 Rh3 47. Rf7+ Kc8 48. Kd6 b4 49. Kxc6 Kd8 50. Kd6 Ke8 51. e6 Rxd3 52. Rf4 a4
53. e7 1-0

[Event "Olimpiade 2014 - Open"]
[Site "Tromsø"]
[Date "06.08.2014"]
[Round "5.64"]
[Board "4"]
[White "Mwaisumbe, Emmanuel"]
[Black "Asabri, Hussien"]
[Result "0-1"]
[BlackTitle "FM"]
[WhiteElo "1685"]
[BlackElo "2202"]
[WhiteTeam "Tanzania"]
[BlackTeam "Libya"]
[WhiteFideId "10001875"]
[BlackFideId "9200177"]
[EventDate "2014.08.02"]

1. e4 e5 2. Nf3 Nc6 3. Bb5 a6 4. Ba4 Nf6 5. O-O b5 6. Bb3 Bc5 7. Nxe5 Nxe5 8. d4
Bxd4 9. Qxd4 d6 10. c3 c5 11. Qd1 O-O 12. Bg5 h6 13. Bh4 Bb7 14. Bd5 Bxd5 15.
Bxf6 Qxf6 16. Qxd5 Rac8 17. Nd2 c4 18. Qb7 Ra8 19. Qd5 Rae8 20. a4 Rb8 21. Rfb1
Nd3 22. Nf3 Nf4 23. Qc6 Qg6 24. g3 Rfc8 25. Qxa6 Qxe4 26. gxf4 Qxf3 27. Qxd6
Qg4+ 28. Kf1 Qh3+ 29. Kg1 bxa4 30. Rxa4 Rd8 31. Qc6 Qg4+ 32. Qg2 Rd1+ 33. Rxd1
Qxd1+ 34. Qf1 Qxa4 35. Qe2 Rd8 36. Kg2 Qd1 37. Qxc4 Qg4+ 38. Kh1 0-1

[Event "Olimpiade 2014 - Open"]
[Site "Tromsø"]
[Date "06.08.2014"]
[Round "5.65"]
[Board "1"]
[White "Masrhi, Abdulrahman A"]
[Black "Lim, Yee-Weng"]
[Result "0-1"]
[BlackTitle "IM"]
[WhiteElo "1746"]
[BlackElo "2311"]
[WhiteTeam "Saudi Arabia"]
[BlackTeam "Malaysia"]
[WhiteFideId "21501564"]
[BlackFideId "5700590"]
[EventDate "2014.08.02"]

1. d4 g6 2. Bf4 Bg7 3. e3 d6 4. Nf3 Nd7 5. h3 Ngf6 6. c4 O-O 7. Nc3 c5 8. Be2 a6
9. O-O b6 10. a3 Bb7 11. b4 cxd4 12. exd4 d5 13. c5 Ne4 14. Qc2 bxc5 15. bxc5
Ndxc5 16. Nxe4 Nxe4 17. Qa4 Nc3 18. Qc2 Rc8 19. Rfe1 Qb6 20. Qd2 a5 21. Bd3 Ne4
22. Bxe4 dxe4 23. Rab1 Qa6 24. Ne5 Rfd8 25. Qb2 Bd5 26. Rec1 Rxc1+ 27. Rxc1 a4
28. Qc3 Qa7 29. Qc7 Qxc7 30. Rxc7 f6 31. Ng4 Bf8 32. Nh6+ Kh8 33. Ng4 h5 34. Ne3
Bb3 35. d5 Bxd5 36. Nxd5 Rxd5 37. Rc4 e5 38. Be3 Ra5 39. Rc8 Kg7 40. Rc7+ Kg8
41. Rc8 Kf7 42. Rc3 Ke6 43. g4 hxg4 44. hxg4 Kd5 45. Kf1 Bc5 46. Bd2 Rb5 47. Bh6 0-1

[Event "Olimpiade 2014 - Open"]
[Site "Tromsø"]
[Date "06.08.2014"]
[Round "5.65"]
[Board "2"]
[White "Teh, Eu Wen Aron"]
[Black "Al Habeeb, Emad"]
[Result "1-0"]
[WhiteElo "2309"]
[BlackElo "2044"]
[WhiteTeam "Malaysia"]
[BlackTeam "Saudi Arabia"]
[WhiteFideId "5704723"]
[BlackFideId "21500029"]
[EventDate "2014.08.02"]

1. d4 Nf6 2. c4 e6 3. Nc3 Bb4 4. Qc2 b6 5. e4 Bxc3+ 6. bxc3 d6 7. f4 Bb7 8. Bd3
Nbd7 9. Nf3 c5 10. O-O Qc7 11. e5 dxe5 12. fxe5 Ng4 13. h3 Nh6 14. Bxh7 O-O-O
15. Bd3 f6 16. exf6 gxf6 17. Be4 f5 18. Bxb7+ Kxb7 19. Ng5 Qc6 20. Qe2 Rde8 21.
Bf4 Rhg8 22. Rae1 Nf6 23. Rf2 Rg6 24. Nxe6 Ne4 25. d5 Rexe6 26. dxc6+ 1-0

[Event "Olimpiade 2014 - Open"]
[Site "Tromsø"]
[Date "06.08.2014"]
[Round "5.66"]
[Board "1"]
[White "Fancy, Stuart"]
[Black "Al-Hajiri, Bader"]
[Result "1-0"]
[WhiteTitle "FM"]
[WhiteElo "2036"]
[BlackElo "2123"]
[WhiteTeam "Papua New Guinea"]
[BlackTeam "Kuwait"]
[WhiteFideId "9100024"]
[BlackFideId "10300163"]
[EventDate "2014.08.02"]

1. e4 e5 2. Nf3 Nc6 3. Bb5 Bc5 4. O-O Qf6 5. b4 Bxb4 6. c3 Bc5 7. d4 exd4 8. e5
Qg6 9. cxd4 Be7 10. d5 Nd8 11. Re1 Qb6 12. Ba4 Bc5 13. Be3 Ne7 14. Nc3 Bxe3 15.
Rxe3 Nf5 16. Re4 O-O 17. Rb1 Qa5 18. Qd3 a6 19. Bc2 g6 20. Ra4 Qc5 21. Ne4 Qe7
22. d6 cxd6 23. exd6 Nxd6 24. Nxd6 b5 25. Rxb5 Ne6 26. Re5 f6 27. Re1 a5 28.
Nxc8 Rfxc8 29. Bb3 Kh8 30. Rae4 Qa3 31. Qxd7 1-0

[Event "Olimpiade 2014 - Open"]
[Site "Tromsø"]
[Date "06.08.2014"]
[Round "5.66"]
[Board "2"]
[White "Maqseed, Nasser"]
[Black "Marko, Helmut"]
[Result "1-0"]
[WhiteTitle "CM"]
[BlackTitle "CM"]
[WhiteElo "1951"]
[BlackElo "1953"]
[WhiteTeam "Kuwait"]
[BlackTeam "Papua New Guinea"]
[WhiteFideId "10300074"]
[BlackFideId "9100032"]
[EventDate "2014.08.02"]

1. d4 c5 2. Nf3 e6 3. e3 Nf6 4. c4 Nc6 5. Nc3 cxd4 6. exd4 d5 7. Bd3 Be7 8. O-O
O-O 9. a3 a6 10. c5 Ne4 11. Nxe4 dxe4 12. Bxe4 Bf6 13. Be3 Ne7 14. Qc2 h6 15.
Rad1 Nd5 16. Bc1 Qc7 17. b4 Bd7 18. Rfe1 a5 19. Bxd5 exd5 20. Qd3 axb4 21. axb4
Rfe8 22. Rxe8+ Rxe8 23. Be3 Ra8 24. b5 Qa5 25. b6 Qb5 26. Qxb5 Bxb5 27. Re1 Bc6
28. h3 g5 29. Nh2 Ra4 30. Rd1 Bg7 31. g4 Bd7 32. Kg2 f5 33. gxf5 Bxf5 34. Kg3
Kf7 35. Nf3 Bf6 36. Rd2 Bd7 37. Rc2 Rc4 38. Rxc4 dxc4 39. d5 Bc8 40. c6 Ke7 41.
Bc5+ Ke8 42. Nd4 c3 43. Kf3 h5 44. Ke4 g4 45. hxg4 hxg4 46. Nc2 Bh4 47. Kd3 g3
48. fxg3 Bxg3 49. Kxc3 Kd8 50. Kc4 bxc6 51. dxc6 Bh3 52. Nd4 Kc8 53. Kd5 Bg2+
54. Ke6 Bf2 55. b7+ 1-0

[Event "Olimpiade 2014 - Open"]
[Site "Tromsø"]
[Date "06.08.2014"]
[Round "5.67"]
[Board "1"]
[White "Medina Viana, Ricardo"]
[Black "Chipanga, Chiletso"]
[Result "1/2-1/2"]
[WhiteTitle "CM"]
[BlackTitle "CM"]
[WhiteElo "2063"]
[BlackElo "2060"]
[WhiteTeam "Honduras"]
[BlackTeam "Malawi"]
[WhiteFideId "8400342"]
[BlackFideId "16400119"]
[EventDate "2014.08.02"]

1. e4 c5 2. Nf3 Nc6 3. d3 e6 4. g3 d5 5. Qe2 Be7 6. Bg2 dxe4 7. dxe4 Nf6 8. O-O
O-O 9. Re1 e5 10. h3 h6 11. c3 Be6 12. Nbd2 Qc7 13. Nf1 Rad8 14. g4 g5 15. Ng3
Rfe8 16. Kh1 a6 17. Nh2 b5 18. Nhf1 Bc4 19. Qf3 Bxf1 20. Rxf1 Nh7 21. Be3 Rd3
22. Rfe1 Bf8 23. Bf1 Rd7 24. a4 c4 25. axb5 axb5 26. Ra6 Re6 27. Rea1 Nd8 28.
Ra8 Bc5 29. Nf5 Nf8 30. R1a6 1/2-1/2

[Event "Olimpiade 2014 - Open"]
[Site "Tromsø"]
[Date "06.08.2014"]
[Round "5.67"]
[Board "2"]
[White "Chimthere, Alfred Charles"]
[Black "Gavarrete, Nahun"]
[Result "0-1"]
[WhiteElo "2017"]
[BlackElo "2190"]
[WhiteTeam "Malawi"]
[BlackTeam "Honduras"]
[WhiteFideId "16400046"]
[BlackFideId "8400709"]
[EventDate "2014.08.02"]

1. d4 Nf6 2. Nf3 g6 3. c4 Bg7 4. Nc3 O-O 5. e3 c5 6. Be2 cxd4 7. exd4 d5 8. Ne5
Nc6 9. Nxc6 bxc6 10. O-O dxc4 11. Bxc4 Nd5 12. Nxd5 cxd5 13. Bb3 e6 14. Be3 Bd7
15. Qd2 Qb6 16. Rfc1 Rfc8 17. Bd1 Rab8 18. b3 Bf8 19. Rxc8 Rxc8 20. Rc1 Rxc1 21.
Qxc1 Qa5 22. Qd2 Bb4 23. Qc2 Bc3 24. Be2 e5 25. dxe5 d4 26. Bf4 Bf5 27. Bd3 Bxd3
28. Qxd3 Qxa2 29. h4 Qxb3 30. Bh6 Qb8 31. Qe4 Qe8 32. f4 a5 33. Qb7 d3 34. Kf1
a4 35. Qd5 a3 36. Qxd3 Bb4 37. Qa6 Bf8 38. Bxf8 Qxf8 39. Qa5 Qe7 40. g3 Kg7 41.
Kf2 Kh6 42. Kg1 Kh5 43. Kh2 Kg4 44. Qd5 Qb4 45. Qd1+ Kf5 46. Qd7+ Ke4 47. Qxf7
Qb2+ 48. Kh3 a2 49. Qc4+ Ke3 50. Qc5+ Ke2 51. Qc4+ Kf2 52. Qc5+ Kf1 53. Qc4+ Kg1
54. Qc5+ Qf2 55. Qc1+ Qf1+ 56. Qxf1+ Kxf1 57. h5 a1=Q 58. Kh4 Qe1 59. f5 Qe4+ 0-1

[Event "Olimpiade 2014 - Open"]
[Site "Tromsø"]
[Date "06.08.2014"]
[Round "5.67"]
[Board "3"]
[White "Hernandez, Juan Carlos"]
[Black "Nyambalo, Joseph Xavier"]
[Result "0-1"]
[BlackTitle "CM"]
[WhiteElo "1964"]
[BlackElo "2115"]
[WhiteTeam "Honduras"]
[BlackTeam "Malawi"]
[WhiteFideId "8400318"]
[BlackFideId "20500041"]
[EventDate "2014.08.02"]

1. d4 d5 2. Nf3 Nf6 3. e3 e6 4. c4 Nbd7 5. Nc3 c6 6. Bd3 Bb4 7. O-O O-O 8. Qc2
Bxc3 9. bxc3 Re8 10. Ne5 Qc7 11. f4 dxc4 12. Nxc4 b5 13. Ne5 a6 14. Ba3 g6 15.
Qf2 Bb7 16. Qh4 c5 17. Rac1 Kg7 18. c4 cxd4 19. cxb5 Qa5 20. Nxd7 Nxd7 21. Bb2
Qd2 22. Bxd4+ e5 23. Qh3 exd4 24. Rfd1 Qxe3+ 25. Qxe3 Rxe3 26. Rc7 Bc8 27. bxa6
Nb6 28. a7 Nd5 29. Rc5 Nxf4 30. Bc4 Rc3 31. Rc6 Be6 32. Bb5 Rxc6 33. Bxc6 Rxa7
34. Rxd4 Ne2+ 0-1

[Event "Olimpiade 2014 - Open"]
[Site "Tromsø"]
[Date "06.08.2014"]
[Round "5.68"]
[Board "1"]
[White "Hj, Azahari Siti Nur Fatimah"]
[Black "Pascoal, Eduardo A"]
[Result "0-1"]
[BlackTitle "FM"]
[WhiteElo "1985"]
[BlackElo "2181"]
[WhiteTeam "Brunei"]
[BlackTeam "Angola"]
[WhiteFideId "10500359"]
[BlackFideId "10100326"]
[EventDate "2014.08.02"]

1. e4 e6 2. d4 d5 3. Nd2 h6 4. c3 Nf6 5. e5 Nfd7 6. Bd3 c5 7. Ne2 Nc6 8. Nf3 g5
9. h3 Be7 10. Bd2 Qb6 11. Rb1 cxd4 12. cxd4 Nb4 13. Bxb4 Bxb4+ 14. Nd2 Qa5 15.
a3 Bxd2+ 16. Qxd2 Qxd2+ 17. Kxd2 f6 18. exf6 Nxf6 19. Rbc1 Bd7 20. h4 Ke7 21.
Rc7 Rhb8 22. hxg5 hxg5 23. Bb5 Kd6 24. Bxd7 Kxc7 25. Bxe6 Kd6 26. Bf5 Rh8 27.
Re1 Rae8 28. f3 Nh5 29. Bg6 Re6 30. Bf5 Re7 31. Bg4 Nf4 32. Nxf4 Rxe1 33. Kxe1
gxf4 34. Kd2 Rh1 35. Bh3 Rf1 36. Kd3 Rf2 37. Kc3 Re2 38. a4 b6 39. b3 Re3+ 40.
Kc2 a6 41. b4 a5 42. bxa5 bxa5 43. Kb2 Rd3 44. Bf5 Rxd4 45. Kb3 Kc5 46. Bd7 Rd2
47. Bh3 Kd4 48. Ka3 Rc2 49. Kb3 Rc5 50. Bf5 Ke3 51. Bc2 Kf2 52. Kb2 Kxg2 0-1

[Event "Olimpiade 2014 - Open"]
[Site "Tromsø"]
[Date "06.08.2014"]
[Round "5.68"]
[Board "2"]
[White "Domingos, Catarino"]
[Black "Izzuddin, Zain"]
[Result "1-0"]
[WhiteTitle "FM"]
[WhiteElo "2280"]
[BlackElo "1933"]
[WhiteTeam "Angola"]
[BlackTeam "Brunei"]
[WhiteFideId "10100253"]
[BlackFideId "10500677"]
[EventDate "2014.08.02"]

1. d4 Nf6 2. c4 c5 3. e3 e6 4. Nf3 d5 5. Bd3 Nc6 6. O-O Be7 7. a3 a5 8. Nc3 O-O
9. b3 Re8 10. Bb2 h6 11. Rc1 b6 12. cxd5 exd5 13. Na4 Ne4 14. Bb5 Bb7 15. Ne5
Nxe5 16. Bxe8 Nd3 17. Qxd3 Qxe8 18. Nxb6 Ba6 19. Qc2 Rd8 20. Rfd1 Qc6 21. dxc5
Bh4 22. g3 Be7 23. Bd4 Ng5 24. f4 Ne4 25. b4 Qg6 26. c6 h5 27. c7 Re8 28. Qc6 1-0

[Event "Olimpiade 2014 - Open"]
[Site "Tromsø"]
[Date "06.08.2014"]
[Round "5.68"]
[Board "3"]
[White "Kamis, Kamarunsalehin"]
[Black "Simoes, Joao ANG"]
[Result "0-1"]
[BlackTitle "CM"]
[WhiteElo "1977"]
[BlackElo "2245"]
[WhiteTeam "Brunei"]
[BlackTeam "Angola"]
[WhiteFideId "10500170"]
[BlackFideId "10100520"]
[EventDate "2014.08.02"]

1. d4 Nf6 2. c4 e6 3. Nc3 d5 4. cxd5 exd5 5. Bf4 c6 6. e3 Bf5 7. Nf3 Qb6 8. Qb3
Nbd7 9. Qxb6 axb6 10. Be2 b5 11. O-O b4 12. Nb1 Be7 13. Nbd2 O-O 14. Nh4 Be6 15.
Nhf3 Ne4 16. Bd1 f5 17. Nxe4 dxe4 18. Nd2 g5 19. Be5 Nxe5 20. dxe5 Ra5 21. Bb3
Rxe5 22. Nc4 Rc5 23. Rac1 Kg7 24. Nd2 Kf6 25. Rxc5 Bxc5 26. g4 Rd8 27. Bxe6 Kxe6
28. Nb3 Bb6 29. gxf5+ Kxf5 30. Rc1 Ra8 31. Rc4 c5 32. Nxc5 Rxa2 33. Nd7 Ba5 34.
b3 b6 35. Rc6 Rb2 36. Rf6+ Kg4 37. Ne5+ Kh5 38. h3 g4 39. hxg4+ Kg5 40. Rf5+ Kh6
41. Rf7 Rxb3 42. Kg2 Rb1 43. Kg3 b3 44. Kf4 Rg1 45. Kf5 b2 46. Rf6+ Kg7 47. Rf7+
Kg8 48. Kf6 Bc3 49. Ke7 Bxe5 0-1

[Event "Olimpiade 2014 - Open"]
[Site "Tromsø"]
[Date "06.08.2014"]
[Round "5.68"]
[Board "4"]
[White "Aguiar, Cristiano"]
[Black "Hj, Azahari Md Aliuddin"]
[Result "1-0"]
[WhiteTitle "FM"]
[WhiteElo "1993"]
[BlackElo "2030"]
[WhiteTeam "Angola"]
[BlackTeam "Brunei"]
[WhiteFideId "10100911"]
[BlackFideId "10500324"]
[EventDate "2014.08.02"]

1. e4 e5 2. Nf3 Nf6 3. Nc3 Nc6 4. d4 exd4 5. Nxd4 Bb4 6. Nxc6 bxc6 7. Bd3 O-O 8.
O-O d5 9. exd5 cxd5 10. Bg5 c6 11. Qf3 Bd6 12. h3 h6 13. Bd2 Rb8 14. b3 Be6 15.
Ne2 Nd7 16. Bf4 Bxf4 17. Qxf4 Nc5 18. Nd4 Qd7 19. Rfe1 Nxd3 20. cxd3 c5 21. Nxe6
fxe6 22. Qe3 Rb6 23. Qxc5 Rc8 24. Qe3 Qb5 25. Rac1 Rf8 26. Rc7 a5 27. Qe5 Rf7
28. Re3 Rxc7 29. Qxc7 Rc6 30. Qe7 Rc1+ 31. Kh2 Qb6 32. Qe8+ Kh7 33. Rxe6 Qc7+
34. g3 1-0

[Event "Olimpiade 2014 - Open"]
[Site "Tromsø"]
[Date "06.08.2014"]
[Round "5.69"]
[Board "1"]
[White "Ferster, Fabian"]
[Black "Li, Hui"]
[Result "1/2-1/2"]
[WhiteTitle "CM"]
[WhiteElo "2137"]
[BlackElo "1944"]
[WhiteTeam "Liechtenstein"]
[BlackTeam "Macau"]
[WhiteFideId "4695330"]
[BlackFideId "15400310"]
[EventDate "2014.08.02"]

1. e4 c5 2. Nf3 d6 3. d4 cxd4 4. Nxd4 Nf6 5. Nc3 a6 6. h3 e6 7. g4 h6 8. Bg2 Qc7
9. O-O Nc6 10. Nxc6 bxc6 11. Qe2 Be7 12. f4 e5 13. Be3 a5 14. Qf3 Nd7 15. Rfd1
exf4 16. Bxf4 Ne5 17. Qf2 O-O 18. Ne2 Rb8 19. b3 Be6 20. Ng3 Bg5 21. Nf5 Bxf5
22. exf5 Bxf4 23. Qxf4 f6 24. Rd4 Rbd8 25. Rad1 Qb6 26. Qf2 Qc7 27. Qd2 Qb6 28.
Kh1 Nf7 29. Ra4 Ra8 30. Re1 Ne5 1/2-1/2

[Event "Olimpiade 2014 - Open"]
[Site "Tromsø"]
[Date "06.08.2014"]
[Round "5.69"]
[Board "2"]
[White "Ho Hou-Meng, Herman"]
[Black "Kobler, Mario"]
[Result "1/2-1/2"]
[WhiteElo "1910"]
[BlackElo "2113"]
[WhiteTeam "Macau"]
[BlackTeam "Liechtenstein"]
[WhiteFideId "16300190"]
[BlackFideId "12000094"]
[EventDate "2014.08.02"]

1. Nf3 g6 2. e4 d5 3. exd5 Qxd5 4. Nc3 Qd8 5. Bc4 Nc6 6. d3 Bg7 7. Bf4 e5 8. Bg5
f6 9. Be3 Nge7 10. a3 Nf5 11. Qe2 a6 12. O-O-O Nd6 13. Ba2 Bg4 14. h3 Bxf3 15.
Qxf3 Qd7 16. Ne4 Qf5 17. Nxd6+ cxd6 18. Qd5 Qd7 19. Bb6 Rf8 20. Rhe1 Ne7 21. Qe4
Qc6 22. Qb4 Nd5 23. Bxd5 Qxd5 24. Qh4 Kf7 25. Qc4 Qe6 26. Qc7+ Qe7 27. d4 Rac8
28. Qxe7+ Kxe7 29. d5 Rc4 30. b3 Rc3 31. Ba5 Rc5 32. Bb4 Rc7 33. Kb2 Rfc8 34. c4
b6 35. a4 Kd7 36. Bd2 f5 37. Rc1 Bf6 38. Kb1 Rb7 39. Ka2 Rbc7 40. Be3 Rb7 41. f3
Be7 42. Re2 Bf6 43. Rec2 Rbb8 44. Ka3 Be7 45. Kb4 Rc7 46. Ka3 Rcc8 47. b4 Rc7
48. Kb3 Bf6 49. Ra2 Bd8 50. a5 Rcb7 51. axb6 Bxb6 52. Bxb6 Rxb6 53. Ra4 Ke7 54.
Kc3 R8b7 55. Rca1 h5 56. R1a3 g5 57. g3 Rb8 58. c5 dxc5 59. bxc5 Rb1 60. Kc4
R8b5 61. Rc3 a5 62. Rc2 R1b4+ 63. Rxb4 Rxb4+ 64. Kc3 Rb5 65. Kc4 Rb4+ 66. Kc3
Rb5 67. Kc4 Rb4+ 68. Kc3 1/2-1/2

[Event "Olimpiade 2014 - Open"]
[Site "Tromsø"]
[Date "06.08.2014"]
[Round "5.69"]
[Board "3"]
[White "Mannhart, Marcel"]
[Black "Punongbayan, Hexilon Dela Cruz"]
[Result "1/2-1/2"]
[WhiteTitle "CM"]
[WhiteElo "2105"]
[BlackElo "2074"]
[WhiteTeam "Liechtenstein"]
[BlackTeam "Macau"]
[WhiteFideId "12000108"]
[BlackFideId "15400409"]
[EventDate "2014.08.02"]

1. Nc3 d5 2. e4 dxe4 3. Nxe4 Nf6 4. Nxf6+ exf6 5. d4 Bd6 6. Bd3 O-O 7. Ne2 Nc6
8. c3 Bg4 9. Qc2 Bxe2 10. Bxe2 Re8 11. O-O f5 12. Bf3 Qh4 13. g3 Qf6 14. Bd2 Re7
15. Rae1 Rae8 16. Rxe7 Rxe7 17. Qd3 Nd8 18. c4 c6 19. Bc3 Re8 20. d5 Qg6 21. Rd1
c5 22. Re1 Rxe1+ 23. Bxe1 f6 24. Qe2 Qf7 25. a3 Qd7 26. Bg2 Nf7 27. f4 b6 28.
Bd2 a5 29. Kf2 Kf8 30. Qd3 Nh6 31. h3 g6 32. Bf3 Kg7 33. Bd1 Nf7 34. Bc2 Qc7 35.
Qe2 Qd7 36. Qe3 h5 37. Kf3 Nh6 38. Bc3 Nf7 39. Bd2 Nh6 40. Qb3 Qc7 41. Qb5 Qd8
42. Qc6 Nf7 43. Bd3 Nh6 44. Qb7+ Nf7 45. Bc3 Kf8 46. Bc2 Kg7 47. Ba4 Bc7 48. Qc6
Nd6 49. b3 Qe7 50. Qd7 Qxd7 51. Bxd7 Ne4 52. Be1 Bd6 53. g4 hxg4+ 54. hxg4 Bc7
55. gxf5 Nd6 56. fxg6 Kxg6 57. Bc3 Kf7 58. Kg4 Ke7 59. Bc6 Kf7 60. Be1 Ke7 61.
Kf3 Nf5 62. Bf2 Bd6 63. b4 axb4 64. axb4 Nd4+ 65. Bxd4 cxd4 66. Ke4 Bxb4 67.
Kxd4 Bc5+ 68. Ke4 Bd6 69. Ba4 Bc5 70. Bd1 Bd6 1/2-1/2